[Event "26.Schlosspark-Open"]
[Site "Wiesbaden-Biebrich"]
[Date "2014.08.29"]
[Round "2.78"]
[White "Meier, Alexander"]
[Black "Wachsmann, Dietmar"]
[Result "0-1"]
[WhiteElo "1345"]
[BlackElo "1760"]
[PlyCount "82"]
[EventDate "2014.??.??"]
[WhiteTeam "SC Taunusstein 1966"]
[BlackTeam "SC Groß-Umstadt"]

1. e4 d6 2. d4 Nf6 3. Nc3 e5 4. dxe5 dxe5 5. Qxd8+ Kxd8 6. Nf3 Bd6 7. Bc4 Be6
8. Bxe6 fxe6 9. O-O Nc6 10. a3 Ke7 11. Bg5 h6 12. Bd2 Rag8 13. Rfe1 g5 14. g3
Nh7 15. Be3 h5 16. Nb5 g4 17. Nh4 Ng5 18. Bxg5+ Rxg5 19. Nxd6 cxd6 20. c3 d5
21. exd5 exd5 22. b4 e4 23. Rad1 Ne5 24. Rd4 Rc8 25. Rc1 Ke6 26. Rdd1 Rg7 27.
Rc2 Rgc7 28. Rdc1 Nd3 29. Ra1 Rxc3 30. Rxc3 Rxc3 31. Ng2 Rc2 32. Rf1 d4 33.
Nf4+ Nxf4 34. gxf4 Kf5 35. Rd1 d3 36. Kg2 Kxf4 37. a4 h4 38. b5 h3+ 39. Kg1 Kf3
40. Rf1 d2 41. Rd1 Rc1 0-1

[Event "26.Schlosspark-Open"]
[Site "Wiesbaden-Biebrich"]
[Date "2014.08.29"]
[Round "2.79"]
[White "Sallwey, Rainer"]
[Black "Rüll, Michael"]
[Result "0-1"]
[WhiteElo "1411"]
[BlackElo "1797"]
[PlyCount "68"]
[EventDate "2014.??.??"]
[WhiteTeam "SK Langen"]
[BlackTeam "SC 1952 Obertshausen"]

1. Nf3 Nf6 2. d4 g6 3. c3 Bg7 4. e3 O-O 5. Be2 d6 6. O-O Nbd7 7. Nbd2 e5 8. Nb3
Kh8 9. Nfd2 Ng8 10. d5 f5 11. f4 Ngf6 12. Nf3 Nh5 13. Ng5 Ndf6 14. g3 Qe7 15.
Bf3 h6 16. Nh3 b6 17. c4 Ba6 18. Qc2 Rae8 19. Bd2 e4 20. Be2 c6 21. dxc6 Rc8
22. Nd4 d5 23. Qa4 Bxc4 24. Bxc4 dxc4 25. Bb4 Qf7 26. Bxf8 Bxf8 27. Rac1 Ng4
28. Rfe1 Bc5 29. Qxc4 Qf6 30. b4 Nxe3 31. Rxe3 Qxd4 32. bxc5 Qxe3+ 33. Kg2 Rxc6
34. Rd1 Qf3+ 0-1

[Event "26.Schlosspark-Open"]
[Site "Wiesbaden-Biebrich"]
[Date "2014.08.29"]
[Round "2.80"]
[White "Wilke, Tabea"]
[Black "Kunisch, Nina"]
[Result "1-0"]
[WhiteElo "1750"]
[BlackElo "1249"]
[PlyCount "93"]
[EventDate "2014.??.??"]
[WhiteTeam "SC 1979 Hattersheim"]
[BlackTeam "TV-Großostheim 1900 e.V."]

1. e4 c6 2. d4 d5 3. exd5 cxd5 4. Bd3 Nc6 5. c3 Nf6 6. Bf4 e6 7. Nf3 Bd6 8. Ne5
Bxe5 9. dxe5 Nd7 10. Qe2 Qc7 11. O-O a6 12. Re1 b5 13. a3 Bb7 14. Nd2 Nc5 15.
Bc2 d4 16. Ne4 Nxe4 17. Bxe4 Rd8 18. Rac1 Ba8 19. cxd4 Nxd4 20. Qg4 Qd7 21.
Bxa8 Rxa8 22. Qxg7 Rf8 23. Rcd1 Rd8 24. Bh6 Ne2+ 25. Kf1 Ng3+ 26. hxg3 Qe7 27.
Qxf8+ Qxf8 28. Rxd8+ Kxd8 29. Bxf8 Ke8 30. Bd6 Kd7 31. Rc1 h5 32. Ke2 a5 33.
Kd3 b4 34. axb4 axb4 35. Kd4 b3 36. Rc7+ Ke8 37. Kc5 h4 38. Kc6 f5 39. gxh4 f4
40. Re7+ Kf8 41. Kd7 Kg8 42. Kxe6 Kh8 43. Kf6 Kg8 44. Rc7 Kh8 45. Kg6 f3 46. g3
Kg8 47. Rc8# 1-0

[Event "26.Schlosspark-Open"]
[Site "Wiesbaden-Biebrich"]
[Date "2014.08.29"]
[Round "2.81"]
[White "Held, Gerd"]
[Black "Traut, Stefan"]
[Result "1/2-1/2"]
[WhiteElo "1288"]
[BlackElo "1759"]
[PlyCount "31"]
[EventDate "2014.??.??"]
[WhiteTeam "SC Groß-Zimmern"]
[BlackTeam "SF Heusenstamm"]

1. c4 c5 2. Nc3 Nf6 3. Nf3 g6 4. g3 Bg7 5. Bg2 O-O 6. O-O d6 7. d3 Nbd7 8. Qc2
Rb8 9. b3 a6 10. a4 b6 11. Bb2 Bb7 12. Rad1 Qc7 13. e4 Rbd8 14. Ne2 Rfe8 15.
Rfe1 e5 16. Nd2 1/2-1/2

[Event "26.Schlosspark-Open"]
[Site "Wiesbaden-Biebrich"]
[Date "2014.08.29"]
[Round "2.82"]
[White "Schneider, Lutz"]
[Black "Jahraus, Marlis"]
[Result "1-0"]
[WhiteElo "1748"]
[BlackElo "1124"]
[PlyCount "53"]
[EventDate "2014.??.??"]
[WhiteTeam "Vorw.Orient Mainz"]
[BlackTeam "SC Untergrombach 46"]

1. e4 e5 2. f4 exf4 3. Nf3 d6 4. d4 Nd7 5. Bxf4 Ngf6 6. Nc3 Be7 7. Bc4 O-O 8.
O-O Nb6 9. Bb3 c6 10. Qd3 Qd7 11. Rad1 d5 12. e5 Nh5 13. Be3 Qf5 14. Qd2 f6 15.
Nb1 Qe6 16. Qe2 fxe5 17. Nxe5 Nf6 18. Nd2 Nbd7 19. Ndf3 Nxe5 20. Nxe5 Bd7 21.
Bg5 Ne4 22. Bxe7 Qxe7 23. Qxe4 Kh8 24. Qe2 Rae8 25. Rxf8+ Rxf8 26. Ng6+ hxg6
27. Qxe7 1-0

[Event "26.Schlosspark-Open"]
[Site "Wiesbaden-Biebrich"]
[Date "2014.08.29"]
[Round "2.83"]
[White "Kirchner, Johanna"]
[Black "Bratmann, Marc"]
[Result "1-0"]
[WhiteElo "1203"]
[BlackElo "1747"]
[PlyCount "71"]
[EventDate "2014.??.??"]
[WhiteTeam "SF Schöneck"]
[BlackTeam "SAbt TuS Dotzheim"]

1. e4 c6 2. Nf3 d5 3. Nc3 dxe4 4. Nxe4 Nf6 5. Ng3 h5 6. Bc4 h4 7. Ne2 Bf5 8. d3
e6 9. Bg5 h3 10. g3 Be7 11. Qd2 Nbd7 12. O-O-O Qc7 13. Rde1 O-O-O 14. Bf4 Bd6
15. Bxd6 Qxd6 16. Ng5 Qf8 17. Nd4 Re8 18. Nxf5 exf5 19. Rxe8+ Nxe8 20. Re1 Nd6
21. Qf4 g6 22. g4 Rh4 23. f3 Nxc4 24. Qxc4 f6 25. Ne6 Qd6 26. Nf4 fxg4 27. Re8+
Kc7 28. Ne6+ Kb6 29. Qb3+ Ka5 30. Ra8 a6 31. Qxb7 c5 32. Nc7 Qf4+ 33. Kd1 Qxf3+
34. Qxf3 gxf3 35. Rxa6+ Kb4 36. c3# 1-0

[Event "26.Schlosspark-Open"]
[Site "Wiesbaden-Biebrich"]
[Date "2014.08.29"]
[Round "2.84"]
[White "Resa, Hans Farid"]
[Black "Schneider, Luca"]
[Result "1-0"]
[WhiteElo "1747"]
[BlackElo "1107"]
[PlyCount "131"]
[EventDate "2014.??.??"]
[WhiteTeam "Sfr.Heimersheim"]
[BlackTeam "FC 1934 Wiesbaden-Bierstadt"]

1. g3 Nf6 2. c4 c5 3. Nc3 Nc6 4. Bg2 e6 5. e3 g6 6. Nge2 d6 7. d4 d5 8. cxd5
exd5 9. dxc5 Be6 10. Nf4 Bxc5 11. Nfxd5 Nxd5 12. Nxd5 Nb4 13. Qa4+ Bd7 14. Qb3
Be6 15. e4 Bxd5 16. exd5 Qf6 17. O-O O-O 18. a3 Na6 19. Qxb7 Rab8 20. Qc6 Rb6
21. Qxf6 Rxf6 22. b4 Bd4 23. Rb1 Nc7 24. Bf4 Nb5 25. a4 Nc3 26. Be3 Nxb1 27.
Bxd4 Nd2 28. Bxf6 Nxf1 29. Kxf1 Rc8 30. d6 Rc1+ 31. Ke2 Rc2+ 32. Kf3 Rd2 33.
Be7 Kg7 34. Ke3 Rxd6 35. Bxd6 f5 36. Bc5 a6 37. a5 Kf6 38. Bb7 Ke6 39. Bxa6 Kd7
40. Kf4 Kc6 41. Kg5 Kc7 42. Kh6 Kc6 43. Kxh7 g5 44. Kg6 f4 45. Kxg5 fxg3 46.
fxg3 Kd7 47. Bd6 Kxd6 48. h4 Kd7 49. Bc8+ Kxc8 50. h5 Kd7 51. a6 Kc7 52. b5 Kb6
53. h6 Kxb5 54. a7 Kc4 55. h7 Kd4 56. h8=R Ke3 57. Kf5 Kf3 58. g4 Kg3 59. g5
Kf2 60. g6 Kg3 61. g7 Kf2 62. g8=Q Ke2 63. Qg3 Kf1 64. a8=Q Ke2 65. Rh2+ Kf1
66. Qa1# 1-0

[Event "26.Schlosspark-Open"]
[Site "Wiesbaden-Biebrich"]
[Date "2014.08.29"]
[Round "2.85"]
[White "Gießelbach, Christian"]
[Black "Scholl, Alois"]
[Result "0-1"]
[WhiteElo "1147"]
[BlackElo "1733"]
[PlyCount "78"]
[EventDate "2014.??.??"]
[WhiteTeam "SAbt TuS Dotzheim"]
[BlackTeam "SV Schwalbach"]

1. d4 e6 2. c4 f5 3. Nf3 Nf6 4. g3 g6 5. Bg2 Bg7 6. O-O O-O 7. Nc3 c6 8. Bf4 d5
9. Ne5 Nbd7 10. b3 Qa5 11. Bd2 Qa6 12. Nxd7 Nxd7 13. cxd5 exd5 14. Bf4 Re8 15.
Re1 Nf8 16. f3 Qb6 17. e3 Ne6 18. Ne2 Nxf4 19. Nxf4 Bd7 20. Qd3 Rxe3 21. Rxe3
Bxd4 22. Rae1 Re8 23. Kf2 g5 24. Nh5 Kf7 25. f4 Kg6 26. Bf3 g4 27. Bg2 Kxh5 28.
Bf1 Kg6 29. h3 h5 30. Bg2 Kf6 31. hxg4 hxg4 32. b4 Qxb4 33. Kf1 Bxe3 34. Rxe3
Qc4 35. Qxc4 dxc4 36. Rc3 b5 37. Kf2 Ke6 38. Ke3 Kd6+ 39. Kd4 c5# 0-1

[Event "26.Schlosspark-Open"]
[Site "Wiesbaden-Biebrich"]
[Date "2014.08.29"]
[Round "2.86"]
[White "Jakesevic, Ivan"]
[Black "Pade, Joachim"]
[Result "0-1"]
[WhiteElo "1107"]
[BlackElo "1713"]
[PlyCount "94"]
[EventDate "2014.??.??"]
[WhiteTeam "FC 1934 Wiesbaden-Bierstadt"]
[BlackTeam "SC Butzbach 2000"]

1. g3 e6 2. Bg2 f5 3. b3 Nf6 4. Bb2 Be7 5. Nf3 O-O 6. O-O d6 7. d3 Nc6 8. Nc3
e5 9. e3 Qe8 10. Nd2 Bd7 11. Nd5 Nxd5 12. Bxd5+ Kh8 13. Bg2 Bf6 14. f4 h6 15.
a3 g5 16. fxe5 dxe5 17. Qe2 Qg6 18. Rf2 Rae8 19. Raf1 Bg7 20. a4 h5 21. Ba3 Rf6
22. Bf3 g4 23. Bg2 h4 24. gxh4 Qh6 25. h3 Qxh4 26. hxg4 Rh6 27. Bh3 Qxh3 28.
Rh2 Qxg4+ 29. Qxg4 fxg4 30. Rxh6+ Bxh6 31. Kf2 Kg7 32. Ne4 Bf5 33. Rg1 Kf7 34.
c4 Bxe4 35. dxe4 Rg8 36. Bc1 Na5 37. Rh1 g3+ 38. Kg2 Rg6 39. Rf1+ Ke6 40. b4
Nxc4 41. Re1 Nd6 42. Kf3 Nf7 43. Rg1 Bf8 44. b5 Ng5+ 45. Kg4 Nxe4+ 46. Kh5 Kf5
47. Kh4 Rh6# 0-1

[Event "26.Schlosspark-Open"]
[Site "Wiesbaden-Biebrich"]
[Date "2014.08.29"]
[Round "2.87"]
[White "Günther, Rainer"]
[Black "Wachsmann, Elmar"]
[Result "1-0"]
[WhiteElo "1704"]
[BlackElo "1029"]
[PlyCount "57"]
[EventDate "2014.??.??"]
[WhiteTeam "SV Mainz-Mombach"]
[BlackTeam "SC Groß-Umstadt"]

1. e4 e5 2. Bc4 Nc6 3. d3 Bc5 4. Nf3 Nf6 5. Bg5 O-O 6. c3 d6 7. b4 Bb6 8. Nbd2
Be6 9. O-O h6 10. Bh4 Nb8 11. Qe2 Nbd7 12. d4 c6 13. Bd3 Bc7 14. h3 b5 15. a4
bxa4 16. Rxa4 Nb6 17. Ra3 Bc8 18. Rfa1 Bb8 19. Nc4 Nxc4 20. Bxc4 Re8 21. d5 Qc7
22. Bxf6 gxf6 23. dxc6 Be6 24. Bd5 f5 25. c4 Re7 26. Nh4 fxe4 27. Rg3+ Kf8 28.
Qe3 Bxd5 29. Qxh6+ 1-0

[Event "26.Schlosspark-Open"]
[Site "Wiesbaden-Biebrich"]
[Date "2014.08.29"]
[Round "2.88"]
[White "Börkey, Pierre"]
[Black "Mütsch, Annmarie"]
[Result "0-1"]
[WhiteElo "987"]
[BlackElo "1701"]
[PlyCount "44"]
[EventDate "2014.??.??"]
[WhiteTeam "Wiesbadener SV 1885"]
[BlackTeam "SC Eppingen"]

1. e4 e5 2. Nf3 Nc6 3. Nc3 Nf6 4. d4 exd4 5. Nxd4 Nxd4 6. Qxd4 d6 7. Bc4 Be7 8.
Bf4 O-O 9. O-O-O Be6 10. Bxe6 fxe6 11. e5 dxe5 12. Qxe5 Qc8 13. Rhe1 Bd6 14.
Rxd6 cxd6 15. Qxe6+ Qxe6 16. Rxe6 d5 17. Re7 d4 18. Nb5 Nd5 19. Rxb7 Nxf4 20.
Nxd4 Rad8 21. Nc6 Ne2+ 22. Kb1 Rd1# 0-1

[Event "26.Schlosspark-Open"]
[Site "Wiesbaden-Biebrich"]
[Date "2014.08.29"]
[Round "2.89"]
[White "Lorenz, Hermann"]
[Black "Börkey, Joel"]
[Result "1-0"]
[WhiteElo "1698"]
[BlackElo "968"]
[PlyCount "65"]
[EventDate "2014.??.??"]
[WhiteTeam "Sfr.Mainz 1928"]
[BlackTeam "Wiesbadener SV 1885"]

1. c4 e5 2. g3 Nf6 3. Bg2 Nc6 4. Nc3 Bc5 5. Nf3 O-O 6. O-O Re8 7. a3 d6 8. b4
Bb6 9. d3 a5 10. Rb1 axb4 11. axb4 Bg4 12. Bg5 Bxf3 13. Bxf3 h6 14. Bd2 Rb8 15.
e3 Qd7 16. Nd5 Nxd5 17. Bxd5 Ne7 18. Bg2 c6 19. b5 d5 20. cxd5 cxd5 21. Qh5 Ng6
22. Bh3 Qc7 23. Rfc1 Qd6 24. Bb4 Qd8 25. Rc2 Ba5 26. Qg4 Bxb4 27. Qxb4 Qe7 28.
Qb3 Qd6 29. Rbc1 Re7 30. b6 Ra8 31. Rc7 Rxc7 32. bxc7 Rc8 33. Bxc8 1-0

[Event "26.Schlosspark-Open"]
[Site "Wiesbaden-Biebrich"]
[Date "2014.08.29"]
[Round "2.90"]
[White "Lessmann, Sven"]
[Black "Fey, Karl-Heinz"]
[Result "1-0"]
[WhiteElo "1686"]
[BlackElo "889"]
[PlyCount "93"]
[EventDate "2014.??.??"]
[WhiteTeam "SC Bad Soden"]
[BlackTeam "SC 1926 Haßloch"]

1. f4 f5 2. Nf3 Nf6 3. e3 Nc6 4. Be2 e6 5. b3 Be7 6. Bb2 O-O 7. O-O d5 8. Ne5
Bd7 9. d3 Bd6 10. Nd2 Qe7 11. a3 a6 12. Rf3 g6 13. Rg3 Bxe5 14. fxe5 Ne8 15. a4
Qg7 16. Ba3 Rf7 17. d4 f4 18. Rf3 g5 19. c3 fxe3 20. Rxe3 Rf4 21. g3 Rf5 22.
Bd3 Rf7 23. Qh5 g4 24. Rf1 Rxf1+ 25. Nxf1 Ne7 26. Bxe7 Qxe7 27. Qxg4+ Ng7 28.
h4 Kh8 29. Nd2 Be8 30. Qf4 Nh5 31. Qh6 Nxg3 32. Rxg3 Bd7 33. Qf6+ Qxf6 34. exf6
Rf8 35. Rg7 Be8 36. Rxh7+ Kg8 37. Rh6 b5 38. axb5 axb5 39. b4 Bf7 40. Nf3 c6
41. Ne5 Be8 42. Bh7+ Kh8 43. Bg6+ Kg8 44. Bxe8 Rxe8 45. f7+ Kg7 46. fxe8=Q Kxh6
47. Qg6# 1-0

[Event "26.Schlosspark-Open"]
[Site "Wiesbaden-Biebrich"]
[Date "2014.08.29"]
[Round "2.91"]
[White "Gläßer, Leonhard"]
[Black "Triantafillidis, Dimitrios"]
[Result "0-1"]
[WhiteElo "938"]
[BlackElo "1659"]
[PlyCount "92"]
[EventDate "2014.??.??"]
[WhiteTeam "FC 1934 Wiesbaden-Bierstadt"]
[BlackTeam "SF HN-Biberach 1978 e.V."]

1. Nf3 d5 2. e3 Nf6 3. b3 g6 4. Bb2 Bg7 5. Nc3 O-O 6. Be2 Bg4 7. O-O Nbd7 8.
Ng5 Bxe2 9. Nxe2 e5 10. d4 e4 11. c4 c6 12. cxd5 cxd5 13. Nc3 Rc8 14. Qe2 a6
15. Rac1 b5 16. a4 b4 17. Na2 Qb6 18. Qd2 a5 19. Rc2 Qa6 20. Rfc1 Ng4 21. Qe2
Qxe2 22. Rxe2 Rxc1+ 23. Nxc1 Rc8 24. h3 Ngf6 25. f3 h6 26. Nxe4 dxe4 27. fxe4
Nxe4 28. Nd3 g5 29. Ne5 Nxe5 30. dxe5 Nc3 31. Rc2 Bxe5 32. Bxc3 Rxc3 33. Rxc3
bxc3 34. b4 axb4 35. a5 c2 36. a6 c1=Q+ 37. Kf2 Qa1 38. a7 Qxa7 39. Kf3 f5 40.
Kf2 b3 41. g3 g4 42. hxg4 fxg4 43. Kg2 Qa2+ 44. Kf1 Qc2 45. Ke1 b2 46. Kf1
b1=R# 0-1

[Event "26.Schlosspark-Open"]
[Site "Wiesbaden-Biebrich"]
[Date "2014.08.29"]
[Round "2.93"]
[White "Schreer, Maxima"]
[Black "Roos, Elias"]
[Result "0-1"]
[WhiteElo "880"]
[BlackElo "1648"]
[PlyCount "98"]
[EventDate "2014.??.??"]
[WhiteTeam "SF 1891 Friedberg"]
[BlackTeam "SG Trier"]

1. e4 e6 2. Nf3 d5 3. d3 dxe4 4. Ng5 exd3 5. Bxd3 Nf6 6. O-O Bd7 7. Nc3 h6 8.
Nge4 Nc6 9. Re1 Be7 10. Nxf6+ Bxf6 11. Rb1 Bg5 12. Be3 Bxe3 13. Rxe3 Qe7 14.
Nd5 Qd6 15. Bc4 O-O-O 16. Nc3 Qxd1+ 17. Rxd1 Ne7 18. Ne4 Bc6 19. Rxd8+ Rxd8 20.
Nc3 Nf5 21. Rd3 Rxd3 22. cxd3 Nh4 23. f3 Kd7 24. Kf2 Nf5 25. g4 Nd4 26. Ke3
Nxf3 27. h3 Ne5 28. Bb5 Bxb5 29. Nxb5 a6 30. Nc3 Nc6 31. a3 Ne7 32. b4 Nd5+ 33.
Nxd5 exd5 34. Kd4 Kd6 35. h4 b6 36. Kc3 Ke5 37. d4+ Kf4 38. Kd3 Kxg4 39. a4
Kxh4 40. b5 a5 41. Ke3 g5 42. Kf3 Kh3 43. Kf2 g4 44. Kg1 Kg3 45. Kh1 Kf2 46.
Kh2 g3+ 47. Kh3 g2 48. Kg4 g1=Q+ 49. Kf5 Qg5# 0-1